Chandrasekhar Kambar/ (Record no. 171843)

MARC details
000 -LEADER
fixed length control field 00577nam a2200193 4500
005 - DATE AND TIME OF LATEST TRANSACTION
control field 20200121170907.0
010 ## - LCCN (DPL NO)
LC control number ENG-127496
020 ## - INTERNATIONAL STANDARD BOOK NUMBER
Terms of availability 295.00
International Standard Book Number 9788187649182
035 ## - SYSTEM CONTROL NUMBER
System control number EN-111028
037 ## - SOURCE OF ACQUISITION
Source of stock number/acquisition DBAD/PUB
082 ## - DEWEY DECIMAL CLASSIFICATION NUMBER
Classification number S
245 ## - TITLE STATEMENT
Title Chandrasekhar Kambar/
Statement of responsibility, etc translated by Laxmi Chandrasekhar
260 ## - PUBLICATION, DISTRIBUTION, ETC. (IMPRINT)
Place of publication, distribution, etc New Delhi
Name of publisher, distributor, etc Katha Urdu Library
Date of publication, distribution, etc 1998
270 ## - ADDRESS
Address A-3 Sarvodaya Enclave Sri Aurobindo Marg
City New Delhi
Postal code 110017
300 ## - PHYSICAL DESCRIPTION
Extent 211p.
Dimensions 21cm(hb)
500 ## - GENERAL NOTE
General note includes bibliographical references
700 ## - ADDED ENTRY--PERSONAL NAME
Personal name Chandrasekhar,Laxmi
942 ## - ADDED ENTRY ELEMENTS (KOHA)
Source of classification or shelving scheme Dewey Decimal Classification
Item type English Books
Classification part S
Call number suffix CHA
Holdings
Withdrawn status Lost status Not for loan Collection code Home library Current library Date acquired Source of acquisition Cost, normal purchase price Full call number Barcode Copy number Cost, replacement price Koha item type
      Fiction Sarojini Nagar Sarojini Nagar 21/01/2020 DBAD/PUB 295.00 S CHA EN-111028 1 295.00 English Books

© Delhi Public Library
Hit Counter
free hit counter